[Event "Novosibirsk April op"]
[Site "Novosibirsk"]
[Date "2010.04.02"]
[Round "1"]
[White "Popov, Nikita"]
[Black "Kreminsky, Alexander"]
[Result "1-0"]
[WhiteElo "1993"]
[BlackElo "1775"]
[PlyCount "85"]
[EventDate "2010.04.02"]
[EventType "swiss"]
[EventRounds "9"]
[EventCountry "RUS"]
[SourceTitle "EXT 2011"]
[Source "ChessBase"]
[SourceDate "2010.11.26"]
[SourceVersion "1"]
[SourceVersionDate "2010.11.26"]
[SourceQuality "1"]

1. e4 c5 2. f4 d6 3. Nf3 Nc6 4. Bb5 a6 5. Bxc6+ bxc6 6. 0-0 g6 7. d3 e6 8. c3 Bg7 9. Be3 Ne7 10. h3 0-0 11. Nbd2 Rb8 12. Rb1 a5 13. Nc4 Ba6 14. e5 Nf5 15. Bf2 d5 16. g4 dxc4 17. gxf5 exf5 18. Bxc5 cxd3 19. Bxf8 Bxf8 20. Kg2 Qd5 21. b3 Rd8 22. c4 Qe4 23. Kg3 Qe3 24. Re1 Qb6 25. e6 fxe6 26. Rxe6 Bc8 27. Re1 Bb4 28. Re5 Bb7 29. Qg1 c5 30. Qe3 Be4 31. Ng5 d2 32. Nxe4 fxe4 33. Qxe4 Qf6 34. Re8+ Kg7 35. Rxd8 Qxd8 36. Qd5 Qc8 37. Qe5+ Kf7 38. a3 Bxa3 39. Qd5+ Qe6 40. Qxd2 Kg7 41. Re1 Bb4 42. Qb2+ Qf6 43. Re7+ 1-0